Best Player on Every NBA Finals Winner - Statistics

General Stats
  • This quiz has been taken 107 times
    76 since last reset
  • The average score is 65 of 75
Answer Stats
Year Team Answer % Correct
2021 Bucks Giannis Antetokounmpo
100%
2024 Celtics Jayson Tatum
100%
2018 Warriors Kevin Durant
100%
2017 Warriors Kevin Durant
100%
2010 Lakers Kobe Bryant
100%
2009 Lakers Kobe Bryant
100%
2002 Lakers Kobe Bryant
100%
2001 Lakers Kobe Bryant
100%
2020 Lakers LeBron James
100%
2016 Cavaliers LeBron James
100%
2013 Heat LeBron James
100%
2012 Heat LeBron James
100%
1998 Bulls Michael Jordan
100%
1997 Bulls Michael Jordan
100%
1996 Bulls Michael Jordan
100%
1993 Bulls Michael Jordan
100%
1992 Bulls Michael Jordan
100%
1991 Bulls Michael Jordan
100%
2023 Nuggets Nikola Jokic
100%
2000 Lakers Shaquille O’Neal
100%
2022 Warriors Steph Curry
100%
2015 Warriors Steph Curry
100%
2014 Spurs Tim Duncan
100%
2007 Spurs Tim Duncan
100%
2005 Spurs Tim Duncan
100%
2003 Spurs Tim Duncan
100%
1999 Spurs Tim Duncan
100%
2011 Mavericks Dirk Nowitzki
98%
1995 Rockets Hakeem Olajuwon
98%
1994 Rockets Hakeem Olajuwon
98%
2019 Raptors Kawhi Leonard
98%
2006 Heat Dwayne Wade
97%
1990 Pistons Isiah Thomas
97%
1989 Pistons Isiah Thomas
97%
1988 Lakers Magic Johnson
97%
1987 Lakers Magic Johnson
97%
1985 Lakers Magic Johnson
97%
1982 Lakers Magic Johnson
97%
1980 Lakers Magic Johnson
97%
1969 Celtics Bill Russell
95%
1968 Celtics Bill Russell
95%
1966 Celtics Bill Russell
95%
1965 Celtics Bill Russell
95%
1964 Celtics Bill Russell
95%
1963 Celtics Bill Russell
95%
1962 Celtics Bill Russell
95%
1961 Celtics Bill Russell
95%
1960 Celtics Bill Russell
95%
1959 Celtics Bill Russell
95%
1957 Celtics Bill Russell
95%
1986 Celtics Larry Bird
95%
1984 Celtics Larry Bird
95%
1981 Celtics Larry Bird
95%
2008 Celtics Kevin Garnett
93%
1971 Bucks Kareem Abdul Jabbar
87%
1967 76ers Wilt Chamberlain
87%
1972 Lakers Jerry West
82%
2004 Pistons Ben Wallace
77%
1977 Trail Blazers Bill Walton
72%
1958 Hawks Bob Pettit
70%
1983 76ers Moses Malone
67%
1975 Warriors Rick Barry
59%
1954 Lakers George Mikan
56%
1953 Lakers George Mikan
56%
1952 Lakers George Mikan
56%
1950 Lakers George Mikan
56%
1973 Knicks Walt Frazier
52%
1970 Knicks Walt Frazier
52%
1978 Bullets Elvin Hayes
51%
1976 Celtics Dave Cowens
44%
1974 Celtics Dave Cowens
44%
1955 Nationals Dolph Schayes
31%
1956 Warriors Paul Arizin
31%
1979 SuperSonics Jack Sikma
26%
1951 Royals Bob Davies
7%
No matching quizzes found
Score Distribution
Percent of People with Each Score
Percentile by Number Answered
Your Score History
You have not taken this quiz since the last reset